000 00923nam a2200229Ia 4500
001 9360
003 GE_BSU
008 181216s||||||||xx |||||||||||||| ||und||
040 _cGE_BSU
080 _a821.353.1+821.353.1-2+821.353.1-92
100 _aმოსაშვილი,ილო
245 _aრჩეული თხზულებანი სამ ტომად. ტ.3
245 _bდრამატურგია,პროზა,პუბლიცისტიკა
245 _cრედ.ილ.ხოშტარია,მხატვ.ნ.ლაფაჩი
260 _aთბილისი
260 _bსაბჭოთა საქართველო
260 _c1972
300 _a378გვ.21სმ.
653 _aდრამატურგია,პროზა,პუბლიცისტიკა
653 _aრჩეული თხზულებანი
942 _cBK
999 _c42656
_d42656